Score 0/30 Timer 06:00
0 Plays Today
Mismatched Movie Titles Correct Movie Titles % Correct
Rear NoRaging Bull
88.4%
Happy HardTrue Grit
85.4%
Little CarterFatal Attraction
85.3%
Dr. WeaponLethal Weapon
84.5%
Get WomenHappy Gilmore
83.4%
True GilmoreJailhouse Rock
81.3%
Pillow BeastDirty Harry
79%
Weird BullDie Hard
77.6%
Pet RockMommie Dearest
74.6%
Duck GirlDr. No
72.5%
Mommie SemataryDick Tracy
72.4%
American YankeesWeird Science
69.7%
Major ScienceRear Window
69.3%
Die DearestPet Sematary
67.3%
Jailhouse AttractionDamn Yankees
66.7%
Mismatched Movie Titles Correct Movie Titles % Correct
Wild GigoloPillow Talk
65.5%
Lethal StockingsDuck Soup
60.7%
Raging CowboyAmerican Gigolo
58%
Drugstore TalkSeven Samurai
55.6%
Foul KnowledgeFoul Play
54.4%
Gimme TracyLittle Women
54.2%
Carnal SoupMajor League
54.1%
Seven StrawberriesCarnal Knowledge
53.7%
Silk HarrySilk Stockings
50.4%
Fatal WindowGet Carter
45.8%
Dick ShelterFunny Girl
44.5%
Sexy GritGimme Shelter
40.9%
Damn LeagueDrugstore Cowboy
40.8%
Dirty PlayWild Strawberries
37.9%
Funny SamuraiSexy Beast
37.6%
Remove Ads.
Support Sporcle.
Get the best of Sporcle when you Go Orange. This ad-free experience offers more features, more stats, and more fun while also helping to support Sporcle. Thank you for becoming a member.

You're not logged in!

Compare scores with friends on all Sporcle quizzes.
OR
Log In

Sporcle TV

Today on Sporcle TV


Watch our educational content, quiz creation guides, and fun videos on Sporcle TV.

Show Comments

Extras

Top Quizzes Today


Score Distribution

Paid Content

Your Account Isn't Verified!

In order to create a playlist on Sporcle, you need to verify the email address you used during registration. Go to your Sporcle Settings to finish the process.

Report this User

Report this user for behavior that violates our Community Guidelines.

Details: